书目信息 |
| 题名: |
水历史与水文明研究
|
|
| 作者: | 郑晓云 主编 | |
| 分册: | 第1辑 | |
| 出版信息: | 北京 社会科学文献出版社 2021.01 |
|
| 页数: | 282页 | |
| 开本: | 24cm | |
| 丛书名: | ||
| 单 册: | ||
| 中图分类: | K928.4 , K918.4 | |
| 科图分类: | ||
| 主题词: | 水--shui--文化研究--中国 , 水--shui--文化研究--世界 | |
| 电子资源: | ||
| ISBN: | 978-7-5201-6957-8 | |
| 000 | 01286nam 2200265 450 | |
| 001 | 29776 | |
| 005 | 20221116164443.20 | |
| 010 | @a978-7-5201-6957-8@dCNY78.00 | |
| 100 | @a20210401d2021 em y0chiy50 ea | |
| 101 | 0 | @achi@aeng |
| 102 | @aCN@b110000 | |
| 105 | @aab z 000yy | |
| 200 | 1 | @a水历史与水文明研究@Ashui li shi yu shui wen ming yan jiu@h第1辑@d= Water history and water civilization studies@hVol.1@f郑晓云主编@zeng |
| 210 | @a北京@c社会科学文献出版社@d2021.01 | |
| 215 | @a282页@c图, 地图@d24cm | |
| 314 | @a郑晓云, 湖北大学历史文化学院特聘教授、中国长江文化研究院院长。 | |
| 330 | @a本书是由水利部宣传教育中心、中国长江文化研究院、湖北大学历史文化学院主办, 湖北大学水历史与水文明研究所组织编撰的关于水历史和水文明研究的集刊, 刊发中国和国际学者关于水的历史文化的最新研究论文, 包括中外水历史和水文明理论探讨、个案研究和水可持续发展研究方面的最新研究成果。集刊同时刊发中英文原创文章, 注重文献研究、田野研究和国际比较研究相结合的方法, 注重国际视野。 | |
| 510 | 1 | @aWater history and water civilization studies@hVol.1@zeng |
| 606 | 0 | @a水@Ashui@x文化研究@y中国 |
| 606 | 0 | @a水@Ashui@x文化研究@y世界 |
| 690 | @aK928.4@v5 | |
| 690 | @aK918.4@v5 | |
| 701 | 0 | @a郑晓云@Azheng xiao yun@4主编 |
| 801 | 0 | @aCN@c20220910 |
| 905 | @a河南城建学院图书馆@dK928.4@eZ450:1@f2 | |
| 水历史与水文明研究.第1辑= Water history and water civilization studies.Vol.1/郑晓云主编.-北京:社会科学文献出版社,2021.01 |
| 282页:图, 地图;24cm |
| ISBN 978-7-5201-6957-8:CNY78.00 |
| 本书是由水利部宣传教育中心、中国长江文化研究院、湖北大学历史文化学院主办, 湖北大学水历史与水文明研究所组织编撰的关于水历史和水文明研究的集刊, 刊发中国和国际学者关于水的历史文化的最新研究论文, 包括中外水历史和水文明理论探讨、个案研究和水可持续发展研究方面的最新研究成果。集刊同时刊发中英文原创文章, 注重文献研究、田野研究和国际比较研究相结合的方法, 注重国际视野。 |
| ● |
| 相关链接 |
|
|
|
正题名:水历史与水文明研究
索取号:K928.4/Z450:1
 
预约/预借
| 序号 | 登录号 | 条形码 | 馆藏地/架位号 | 状态 | 备注 |
| 1 | 1583779 | 215837799 | 社科库309/309社科库 16排1列3层/ [索取号:K928.4/Z450:1] | 在馆 | |
| 2 | 1583780 | 215837806 | 社科库309/309社科库 16排1列3层/ [索取号:K928.4/Z450:1] | 在馆 |